Football par lettre - B - Statistiques

Statistiques générales
  • Ce quiz a été pris 238 fois
  • Le résultat moyen est 16 sur 20
Statistiques - réponses
Questions Réponses % Correct
Quel nom latin est associé aux club de Monchengladbach et Dortmund ? Borussia
98%
Quel pays a remporté le plus d'éditions de Coupe du Monde ? Brésil
98%
Quel attaquant de Chelsea a profité de la glissade de Steven Gerrard en 2014 pour inscrire le deuxième but des Blues ? Demba Ba
98%
Quel club espagnol a connu un trio d'attaquants composé de la MSN ? FC Barcelone
98%
Quel attaquant gallois a permis à son pays d'atteindre la demi-finale de l'Euro 2016 ? Gareth Bale
96%
Quel est le nom du championnat allemand ? Bundesliga
95%
Quel ailier gauche français s'étant révélé à Lyon, a signé au PSG lors de l'été 2023 ? Bradley Barcola
94%
Quel club corse a vu sa tribune s'effondrer lors d'un match face à l'OM le 5 Mai 1992 ? SC Bastia
93%
Quel club français a connu une rétrogradation pour cause d'une mauvaise gestion en 2022 ? Girondins de Bordeaux
91%
Quel club français a crée la surprise en finissant à la troisième place de Ligue 1 en 2023-2024 ? Stade Brestois
91%
Quel défenseur allemand, ayant remporté deux ballons d'or dans les années 1970, est considéré comme l'un des meilleurs joueurs de tous les temps ? Franz Beckenbauer
88%
Quel défenseur marseillais a inscrit l'unique but de la finale de Ligue des Champions 1993 ? Basile Boli
86%
Dans quelle ville anglaise est basée le club d'Aston Villa ? Birmingham
82%
Quel milieu offensif anglais des années 1990-2000 est connu pour sa qualité de passe ainsi que pour ses coups franc ? David Beckham
78%
Dans quel club italien, l'attaquant Thijs Dalinga a-t-il signé en provenance de Toulouse ? FC Bologne
73%
Quel attaquant néerlandais a formé un duo prolifique aux côtés de Thierry Henry à Arsenal ? Dennis Bergkamp
67%
Quel joueur suisse a pris la relève de Roman Weidenfeller au poste de gardien à Dortmund ? Roman Burki
47%
Quel attaquant brésilien a formé un duo avec Romario lors de la Coupe du Monde 1994 ? Bebeto
43%
De quel gardien anglais des années 1960 Pelé parlait-il quand il disait, "il a arrêté un but" ? Gordon Banks
24%
Quel attaquant français a inscrit un but face à Luis Arconada lors de la finale de l'Euro 1984 ? Bruno Bellone
9%
Aucun quiz correspondant
Distribution des résultats
% des personnes avec chaque résultat
Percentile par nombre de réponses
Votre historique - résultats
Vous n’avez pas pris ce quiz